00688nam a22001937a 450000500170000001000140001702000110003103500130004203700130005508200080006810000310007624501000010726000360020727000580024330000210030194200220032299900170034495201330036120100811152253.0 aENG-99718 c120.00 aEN-83250 bDBAD/PUB a804 aDesai, Venkat Reddy911182 aThree critical essays and a few vachanas of Basavana and Akka Mahadevi /cby Venkat Reddy Desai aKarnataka, HublibChintanc2009 a50/51, Shirur Park Phase-II, ViyanagarbHublie580021 a124p.c19cm (Hb) 2ddccENh804mDES c41091d41091 001040718NFICaDBADbDBADd2010-08-11eDBAD/PUBg120.00l0o804 DESpEN-83250r2010-08-11 00:00:00t1v120.00w2010-08-11yEN